000 00719nam a22002057a 4500
999 _c5261
_d5261
003 AR-CdUCM
008 190312b ||||| |||| 00| 0 spa d
040 _aMUNICIPALIDAD PROVINCIAL DEL CUSCO
_cBIBLIOTECA MUNICIPAL DEL CUSCO
082 _a908 /
_bB5
100 _aAllen, Louis
_915927
245 _aJapón :
_bLos años de triunfo /
260 _aBarcelona :
_bNauta,
_c1970.
300 _a126 paginas ;
_c23 cm.
505 _aContenido : La restauración meiji y el cambio político -- Japon se moderniza -- Los comienzos del imperio -- Las ganancias ...
650 _aHistoria japonesa
_915928
650 _aHistoria oriental
_915929
650 _aHistoria universal
_91423
942 _2ddc
_cLIBROS
945 _arah